Stati tra 5 000 000 e 6 000 000 abitanti - Statistics

Statistiche generali
  • Questo quiz è stato fatto 9 volte
  • Il punteggio medio è 7 su 12
Statistiche sulle risposte
Popolazione (ab.) Continente Nazione % Corretto
5 281 600 Europa Irlanda
100%
5 223 100 Oceania Nuova Zelanda
100%
5 262 225 America del Nord Costa Rica
83%
5 426 468 Europa Slovacchia
83%
5 572 545 Europa Finlandia
67%
5 533 582 Europa Norvegia
67%
5 917 6000 Asia Singapore
67%
5 959 464 Europa Danimarca
50%
5 490 000 Asia Libano
50%
5 113 071 Asia Oman
33%
5 248 621 Africa Liberia
17%
5 633 412 Africa Repubblica Centrafricana
17%
Nessun quiz corrispondente trovato
Distribuzione punteggi
Percentuale di utenti per punteggio
Percentile per numero di risposta
I tuoi punteggi nel tempo
Non hai fatto questo quiz